000 01722nam a2200241 a 4500
008 090422s1981 ||||||||||||||||| || u
050 _aGOV.ZAM(058)MOE/1977
110 _aTechnical Education, Vocational and Entreprenuership Training Authority (TEVETA)
245 1 0 _aMinistry of Education: department of technical education and vocational training annual report, 1977
_cBy the Department of Technical Education and Vocational Training
246 _aDepartment of Technical Education and Vocational Training Annual Report, 1979
260 _aLusaka:
_bDepartment of Technical Education and Vocational Training (DTEVT)
_c1981
300 _av, 41p.: ill.
350 _a0.00
500 _aHoldings 1978; 1979; 1983
650 0 _aEDUCATIONAL TESTS AND MEASUREMENTS
650 _aEDUCATION--ZAMBIA--HANDBOOKS, MANUALS, ETC
650 _aEDUCATION AND STATE--ANNUAL REPORTS--ZAMBIA
995 _aSPECIAL COLLECTIONS
_D0.00
_e03003834
_FCBU-MAIN LIBRARY (Kitwe)
_H1
_I0.00
_jGOV.ZAM(058)MOE/1978A
_M2
_UAVAILABLE
_WApr 23, 2009
_y03003834
_ZZambiana Collection
995 _aSPECIAL COLLECTIONS
_D0.00
_e03003836
_FCBU-MAIN LIBRARY (Kitwe)
_H1
_I0.00
_jGOV.ZAM(058)MOE/1979
_M4
_UAVAILABLE
_WApr 23, 2009
_y03003836
_ZZambiana Collection
995 _aSPECIAL COLLECTIONS
_D0.00
_e03003837
_FCBU-MAIN LIBRARY (Kitwe)
_H1
_I0.00
_jGOV.ZAM(058)MOE/1983
_M5
_UAVAILABLE
_WApr 23, 2009
_y03003837
_ZZambiana Collection
995 _aSPECIAL COLLECTIONS
_D0.00
_e03003835
_FCBU-MAIN LIBRARY (Kitwe)
_H1
_I0.00
_jGOV.ZAM(058)MOE/1978B
_M3
_UAVAILABLE
_WApr 23, 2009
_y03003835
_ZZambiana Collection
995 _aSPECIAL COLLECTIONS
_D0.00
_e03003822
_FCBU-MAIN LIBRARY (Kitwe)
_H1
_I0.00
_jGOV.ZAM(058)MOE/1977
_M1
_UAVAILABLE
_WApr 22, 2009
_y03003822
_ZZambiana Collection
999 _c77688
_d77688